सम्बन्ध की सच्चाई / (Record no. 116465)

MARC details
000 -LEADER
fixed length control field 01169nam a22002777a 4500
003 - CONTROL NUMBER IDENTIFIER
control field dpl
005 - DATE AND TIME OF LATEST TRANSACTION
control field 20190306130106.0
008 - FIXED-LENGTH DATA ELEMENTS--GENERAL INFORMATION
fixed length control field 190306b ||||| |||| 00| 0 eng d
010 ## - LIBRARY OF CONGRESS CONTROL NUMBER
LC control number B-072821
020 ## - INTERNATIONAL STANDARD BOOK NUMBER
Terms of availability 120.00
International Standard Book Number 8188461008
035 ## - SYSTEM CONTROL NUMBER
System control number B-072821, B-072825
037 ## - SOURCE OF ACQUISITION
Source of stock number/acquisition Cen Lib/Ret
040 ## - CATALOGING SOURCE
Original cataloging agency DPL
Language of cataloging HN
Transcribing agency 0
082 ## - DEWEY DECIMAL CLASSIFICATION NUMBER
Classification number
Item number आवटे
100 ## - MAIN ENTRY--PERSONAL NAME
Personal name आवटे, गोपाल नारायण
9 (RLIN) 45158
245 ## - TITLE STATEMENT
Title सम्बन्ध की सच्चाई /
Statement of responsibility, etc गोपाल नारायण आवटे
246 ## - VARYING FORM OF TITLE
Title proper/short title Sambandh ki sachchyi /
Remainder of title by Gopal Narayan Avte
260 ## - PUBLICATION, DISTRIBUTION, ETC. (IMPRINT)
Place of publication, distribution, etc दिल्ली
Name of publisher, distributor, etc आर्यन प्रकाशन
Date of publication, distribution, etc 2003
270 ## - ADDRESS
City दिल्ली
Address 132/2, कागज़ भवन बताशन, चावड़ी बाज़ार
Postal code 110006
300 ## - PHYSICAL DESCRIPTION
Extent 120पृ.
Dimensions 19सेमी (सजिल्द)
650 ## - SUBJECT ADDED ENTRY--TOPICAL TERM
Topical term or geographic name as entry element हिन्दी साहित्य
9 (RLIN) 66668
650 ## - SUBJECT ADDED ENTRY--TOPICAL TERM
Topical term or geographic name as entry element हिन्दी साहित्य
General subdivision कहानियां
9 (RLIN) 63853
650 ## - SUBJECT ADDED ENTRY--TOPICAL TERM
Topical term or geographic name as entry element Hindi Literature
9 (RLIN) 66669
650 ## - SUBJECT ADDED ENTRY--TOPICAL TERM
Topical term or geographic name as entry element Hindi Literature
General subdivision stories
9 (RLIN) 66670
942 ## - ADDED ENTRY ELEMENTS (KOHA)
Source of classification or shelving scheme Dewey Decimal Classification
Koha item type Hindi Books
Classification part
Call number suffix आवटे
Holdings
Withdrawn status Lost status Damaged status Not for loan Home library Current library Date acquired Source of acquisition Cost, normal purchase price Total Checkouts Total Renewals Full call number Barcode Date last seen Date checked out Copy number Cost, replacement price Price effective from Koha item type Source of classification or shelving scheme Collection code
        Central Library Central Library 24/08/2015 Cen Lib/Ref 120.00 1 1 क आवटे B-072821 16/07/2018 21/06/2018 1 120.00 24/08/2015 Hindi Books    
        Shahdara Branch Shahdara Branch 06/03/2019 BPPD/PUB 120.00     क आवटे B-072825 06/03/2019     120.00 06/03/2019 Hindi Books Dewey Decimal Classification Fiction

© Delhi Public Library
Hit Counter
free hit counter